Nezaměstnanost cizinců v České republice podle vzdělání

Stav nezamestnanosti cudzincov v ČR. Počet cudzincov, počet nezamestnaných z hľadiska pôvodu, pohlavia vzdelanosti.

Salvato in:
Dettagli Bibliografici
Autore principale: Kačerová, Eva
Natura: Capitolo di libro
Lingua:ceco
Soggetti:
Tags: Aggiungi Tag
Nessun Tag, puoi essere il primo ad aggiungerne!!

MARC

LEADER 00000naa$a2200000$$$4500
001 0085766
005 20220927121952.5
041 0 |a cze 
044 |a SK 
245 1 0 |a Nezaměstnanost cizinců v České republice podle vzdělání  |c Eva Kačerová 
520 |a Stav nezamestnanosti cudzincov v ČR. Počet cudzincov, počet nezamestnaných z hľadiska pôvodu, pohlavia vzdelanosti. 
610 2 0 |a nezamestnanosť 
610 2 0 |a nezamestnanosť štruktúrna 
610 2 0 |a cudzinci 
610 2 0 |a trh práce 
610 2 0 |a vzdelanosť 
610 2 0 |a politika zamestnanosti 
610 2 0 |a Česko 
100 1 |a Kačerová, Eva